Prudencio Irazabal (Record no. 9247)

MARC details
000 - LÍDER
campo de control de longitud fija 00940nam a2200181Ia 4500
008 - ELEMENTOS DE DATOS DE LONGITUD FIJA - INFORMACIÓN GENERAL
campo de control de longitud fija 0000002005 sp d 0000000000spa00
090 ## - NÚMERO DE LLAMADA DE TIPO LC LOCALMENTE ASIGNADO (OCLC)
Número de clasificación (OCLC) (R) PSP02 I71p
100 1# - ENTRADA PRINCIPAL - NOMBRE PERSONAL
Nombre de la persona Irazabal, Prudencio
Fechas asociadas a un nombre 1954
245 10 - TÍTULO DECLARACIÓN
Título Prudencio Irazabal
Resto del título : highlights [Disco compacto]
260 ## - PUBLICACIÓN, DISTRIBUCIÓN
Lugar de publicación Victoria Gasteiz : Museo Artium
Fecha de publicación 2005
300 ## - DESCRIPCIÓN FÍSICA
Alcance 1 CD ROM bajo Windows ; 12 cm.
500 ## - NOTA GENERAL
Nota general Registro auspiciado por la FGAA. Bogotá
505 ## - NOTA DE CONTENIDO FORMATEADA
Nota sobre el contenido formateado Sin título Leda y el cisne Constable's Snow Sin título Sin titulo 2004, 2005 (16 imágenes) TeXto en word Espectaculos de luz / ill Arning prudencio Irazabal : respirar el color / Javier González de Durana Hoja de vida del artista Nota de prensa de Artium presentando la eXposicion Highlights
600 00 - ENTRADA DE SUJETO AÑADIDO - NOMBRE PERSONAL
Nombre de la persona IRAZABAL, PRUDENCIO, 1954/
Subdivisión general TRABAJOS PICTORICOS
650 14 - ENTRADA DE SUJETO AÑADIDO - TÉRMINO TÓPICO
Término tópico o elemento de entrada del nombre geográfico ARTE CONTEMPORANEO ESPAÑOL CDROM
650 14 - ENTRADA DE SUJETO AÑADIDO - TÉRMINO TÓPICO
Término tópico o elemento de entrada del nombre geográfico PINTORES ESPAÑOLES CDROM
650 14 - ENTRADA DE SUJETO AÑADIDO - TÉRMINO TÓPICO
Término tópico o elemento de entrada del nombre geográfico PINTURA ESPAÑOLA CDROM
Holdings
Estado de retirada Pérdida de estatus Estado dañado No para préstamo Código de recogida Ubicación permanente Ubicación actual Ubicación de las estanterías Fecha de adquisición Número de llamada completo Código de barras Fecha de la última vez que se vio Número de copia Precio efectivo desde Tipo de artículo Koha
        General ArtNexus ArtNexus General 06/09/2022 P-SP-02 I71P 9251 06/09/2022 Ej.1 06/09/2022 CD-ROM

Powered by Koha